000 00480nam a2200181Ia 4500
003 GCL
008 140319s9999 xx 000 0 eng d
040 _aGCL /
_cGCL
082 0 4 _a069.15
_bZ M
100 1 _aZETTERBERG, HANS L
245 1 0 _aMUSEUMS AND ADULT EDUCATION /
_cZETTERBERG, HANS L
260 _a[S.N] :
_bEVELYN ADAMS AND MACKAY ،
_c1968
300 _a89 P
650 0 4 _aMUSEUMS
650 0 4 _aADULT EDUCATION
650 0 4 _aINSTRUCTION SERVICES
942 _2ddc
_cBK
999 _c10902
_d10902